000
00255nam a2200109Ia 4500
008
170627s9999 xx 000 0 und d
100
_a
SEKARAN- UMA
245
0
_a
ORGANIZATIONAL BEHAVIOUR
260
_b
TMH
260
_c
2004
546
_a
ENGLISH
690
_a
ORGANIZATIONAL BEHAVIOUR
999
_c
35310
_d
35310